Zagadnienia ekonomiki przemyslu 12
Gespeichert in:
| Format: | Buch |
|---|---|
| Sprache: | Polnisch |
| Veröffentlicht: |
Gdansk
Uniwersytet
1986
|
| Tags: |
Keine Tags, Fügen Sie das erste Tag hinzu!
|
MARC
| LEADER | 00000nam a2200000 4500 | ||
|---|---|---|---|
| 001 | c041661 | ||
| 005 | 20250901090215.1 | ||
| 041 | 0 | |a pol | |
| 044 | |a PL | ||
| 245 | 1 | 0 | |a Zagadnienia ekonomiki przemyslu 12 |
| 264 | 1 | |a Gdansk |b Uniwersytet |c 1986 | |
| 300 | |a 168 s. | ||